01633nam a22003017a 4500003000900000005001700009007000300026008004100029040002500070082001500095100002300110245016200133260004200295300003800337500006100375500010000436500015600536590002700692700004300719700004000762700003100802910001400833942001400847952014700861952015301008952015301161999001701314DO-SdBNP20221114111231.0ta110301s2014 dr co 000 0 spa d aDO-SdBNPbspacBNPHU 4axxxxbV9441 aVolz, Mandy95301814aUna retrospectiva :besculturas, pinturas, dibujos /cMandy Volz ; textos Line Marie León Pernet, Marianne de Tolentino ; fotografías Mariano Hernández aSanto Domingo :bPunto Visual,c2014. a57 p. :bil., retr., fot.c28 cm. aIncluye datos biográficos del autor en la pagina 57.  aDel 8 de abril al 29 de mayo, 214 galería Nacional de Bellas Artes, Palacio de Bellas Artes.  aAuspicios de: Embajada de Suiza en la República Dominicana. Ministerio de Cultura de la República Dominicana. Dirección General de Bellas Artes.  aInventariado, 2022/ YL12aLeón Pernet, Line Marieetex.98281412aTolentino, Marianne deetex.91522212aHernández, Marianoefot. aYLockward 2ddccLBS1 00102ddc51708PDaBNPHUbBNPHUcCTd2018-06-19eGalería Nacional de Bellas Artesl0oxxxx V944p2022-5287r2022-11-14w2022-11-14yLBS1 00102ddc51708PDaBNPHUbBNPHUcCTd2018-06-19eGalería Nacional de Bellas Artesl0oxxxx V944p2022-5288r2022-11-14te. 2w2022-11-14yLBS1 00102ddc56708DSaBNPHUbBNPHUcCTd2018-06-19eGalería Nacional de Bellas Artesl0oxxxx V944p2022-5289r2022-11-14te. 3w2022-11-14yLBS1 c52908d52908